000 00357nam a22001337a 4500
008 150530b xxu||||| |||| 00| 0 eng d
020 _a0304308048
050 _aHF 3892 .B5 1981
100 _aBishop,K R.
_d1981
245 _aBusiness calculations for East Africa/
_cR.K Bishop.
260 _aNewyork:
_bCassel,
_c1981.
300 _a96p.
942 _2lcc
_cBOOKS
999 _c1474
_d1474